[Event "Israeli Open Championship 2019"]
[Site "Jerusalem"]
[Date "2019.12.22"]
[Round "9.9"]
[White "Tifferet, Shaked"]
[Black "Kunin, Michael"]
[Result "1-0"]
[WhiteElo "2232"]
[BlackElo "2102"]
[Annotator "ChessBase"]
[PlyCount "69"]
[EventDate "2019.12.12"]
[EventType "swiss"]
[EventCountry "ISR"]
[SourceTitle "playchess.com"]
[Source "ChessBase"]
[SourceQuality "1"]
[TimeControl "5400+30"]

1. e4 {[%emt 0:00:00]} c5 {[%emt 0:00:00]} 2. Nf3 {[%emt 0:00:00]} e6 {[%emt 0:00:00]} 3. d4 {[%emt 0:00:00]} cxd4 {[%emt 0:00:00]} 4. Nxd4 {[%emt 0:00:00]} a6 {[%emt 0:00:00]} 5. c4 {[%emt 0:00:00]} Nf6 {[%emt 0:01:58]} 6. Nc3 {[%emt 0:00:02]} d6 {[%emt 0:00:05]} 7. Be3 {[%emt 0:05:39]} Qc7 {[%emt 0:00:41]} 8. g4 {[%emt 0:02:06]} h6 {[%emt 0:00:58]} 9. Be2 {[%emt 0:02:19]} b6 {[%emt 0:01:08]} 10. f3 {[%emt 0:02:43]} Bb7 {[%emt 0:00:58]} 11. Qd2 {[%emt 0:03:17]} Nbd7 {[%emt 0:00:19]} 12. O-O-O {[%emt 0:01:01]} Ne5 {[%emt 0:09:16]} 13. Kb1 {[%emt 0:00:20]} Rc8 {[%emt 0:09:49]} 14. Rc1 {[%emt 0:04:39]} Qd7 {[%emt 0:04:24]} 15. b3 {[%emt 0:11:30]} d5 {[%emt 1:07:54]} 16. f4 {[%emt 0:13:36]} dxc4 {[%emt 0:00:00]} 17. fxe5 {[%emt 0:02:10]} Nxe4 {[%emt 0:00:00]} 18. Qb2 {[%emt 0:11:31]} Nxc3+ {[%emt 0:00:00]} 19. Qxc3 {[%emt 0:00:20]} Bxh1 {[%emt 0:00:00]} 20. Rxh1 {[%emt 0:00:10]} Bc5 {[%emt 0:00:00]} 21. b4 {[%emt 0:05:40]} Be7 {[%emt 0:00:00]} 22. Rd1 {[%emt 0:00:12]} Qa4 {[%emt 0:00:00]} 23. Nc2 {[%emt 0:06:29]} O-O {[%emt 0:00:00]} 24. Rd4 {[%emt 0:01:03]} Qc6 {[%emt 0:00:00]} 25. Rxc4 {[%emt 0:00:54]} Qh1+ {[%emt 0:00:00]} 26. Kb2 {[%emt 0:00:32]} Rxc4 {[%emt 0:00:15]} 27. Qxc4 {[%emt 0:05:28]} b5 {[%emt 0:01:09]} 28. Qc7 {[%emt 0:08:20]} Qxh2 {[%emt 0:02:03]} 29. Bd3 {[%emt 0:00:56]} Bxb4 {[%emt 0:00:24]} 30. a3 {[%emt 0:00:05]} Bd2 {[%emt 0:00:18]} 31. Bc5 {[%emt 0:00:12]} Bf4 {[%emt 0:01:16]} 32. Bd6 {[%emt 0:00:10]} f6 {[%emt 0:00:47]} 33. exf6 {[%emt 0:01:33]} Rxf6 {[%emt 0:00:52]} 34. Qd8+ {[%emt 0:00:07]} Kf7 {[%emt 0:00:36]} 35. Qf8# {[%emt 0:14:26] Kg8 Qf7+ Rxf7} 1-0

[Event "Israeli Open Championship 2019"]
[Site "Jerusalem"]
[Date "2019.12.22"]
[Round "9.10"]
[White "Iliaguev, Nisim"]
[Black "Slonimskij, Arkadij"]
[Result "1-0"]
[WhiteElo "2275"]
[BlackElo "2133"]
[Annotator "NA"]
[PlyCount "55"]
[EventDate "2019.12.12"]
[EventType "swiss"]
[EventCountry "ISR"]
[SourceTitle "playchess.com"]
[Source "ChessBase"]
[SourceQuality "1"]
[TimeControl "5400+30"]

1. d4 {[%emt 0:00:00]} Nf6 {[%emt 0:00:00]} 2. c4 {[%emt 0:00:09]} e6 {[%emt 0:00:00]} 3. g3 {[%emt 0:00:07]} c5 {[%emt 0:00:37]} 4. Nf3 {[%emt 0:00:19]} cxd4 {[%emt 0:00:20]} 5. Nxd4 {[%emt 0:00:07]} Nc6 {[%emt 0:00:10]} 6. Bg2 {[%emt 0:00:09]} Be7 {[%emt 0:07:59]} 7. O-O {[%emt 0:00:15]} O-O {[%emt 0:00:08]} 8. Nc3 {[%emt 0:00:05]} a6 {[%emt 0:00:32]} 9. b3 {[%emt 0:01:17]} Qc7 {[%emt 0:02:45]} 10. Bb2 {[%emt 0:00:14]} d6 {[%emt 0:00:32]} 11. Rc1 {[%emt 0:00:18]} Nxd4 {[%emt 0:08:00]} 12. Qxd4 {[%emt 0:00:06]} Bd7 {[%emt 0:00:32]} 13. Rfd1 {[%emt 0:00:28]} e5 {[%emt 0:03:39]} 14. Qd3 {[%emt 0:04:22]} Bc6 {[%emt 0:01:39]} 15. Nd5 {[%emt 0:03:24]} Bxd5 {[%emt 0:01:05]} 16. Bxd5 {[%emt 0:00:36]} Rfd8 {[%emt 0:05:45]} 17. Bg2 {[%emt 0:00:57]} Rab8 {[%emt 0:01:04]} 18. b4 {[%emt 0:02:59]} Qd7 {[%emt 0:06:32]} 19. Qb3 {[%emt 0:05:02]} Qe6 {[%emt 0:05:56]} 20. Bd5 {[%emt 0:03:20]} Qh3 {[%emt 0:02:39]} 21. Qf3 {[%emt 0:01:13]} b6 {[%emt 0:01:06]} 22. a4 {[%emt 0:01:32]} Nxd5 {[%emt 0:04:47]} 23. Rxd5 {[%emt 0:04:08]} Qc8 {[%emt 0:01:29]} 24. Ba3 {[%emt 0:02:29]} Qc6 {[%emt 0:04:37]} 25. b5 {[%emt 0:00:40]} Qa8 {[%emt 0:00:21]} 26. Qd3 {[%emt 0:04:06]} axb5 {[%emt 0:01:20]} 27. axb5 {[%emt 0:00:08]} Re8 {[%emt 0:39:56]} 28. Bxd6 {[%emt 0:02:37]} 1-0

[Event "Israeli Open Championship 2019"]
[Site "Jerusalem"]
[Date "2019.12.22"]
[Round "9.11"]
[White "Zak, Arad"]
[Black "Shtemler, Lavi"]
[Result "0-1"]
[WhiteElo "2076"]
[BlackElo "2181"]
[Annotator "ChessBase"]
[PlyCount "80"]
[EventDate "2019.12.12"]
[EventType "swiss"]
[EventCountry "ISR"]
[SourceTitle "playchess.com"]
[Source "ChessBase"]
[SourceQuality "1"]
[TimeControl "5400+30"]

1. e4 {[%emt 0:12:52]} c5 {[%emt 0:00:00]} 2. Nf3 {[%emt 0:00:16]} Nc6 {[%emt 0:00:00]} 3. d4 {[%emt 0:00:20]} cxd4 {[%emt 0:00:00]} 4. Nxd4 {[%emt 0:00:07]} g6 {[%emt 0:00:00]} 5. c4 {[%emt 0:00:40]} Bg7 {[%emt 0:00:01]} 6. Be3 {[%emt 0:00:11]} Qb6 {[%emt 0:00:04]} 7. Nb5 {[%emt 0:00:45]} Qa5+ {[%emt 0:00:05]} 8. N1c3 {[%emt 0:00:11]} Nf6 {[%emt 0:00:10]} 9. f3 {[%emt 0:02:16]} O-O {[%emt 0:00:18]} 10. Be2 {[%emt 0:02:30]} a6 {[%emt 0:00:09]} 11. Nd4 {[%emt 0:01:30]} d6 {[%emt 0:01:12]} 12. Qd2 {[%emt 0:04:13]} Bd7 {[%emt 0:03:19]} 13. O-O {[%emt 0:06:24]} Rfc8 {[%emt 0:05:14]} 14. Rfd1 {[%emt 0:14:55]} Nxd4 {[%emt 0:02:02]} 15. Bxd4 {[%emt 0:00:21]} b5 {[%emt 0:08:00]} 16. Bxf6 {[%emt 0:07:03]} Bxf6 {[%emt 0:01:48]} 17. Nd5 {[%emt 0:04:22]} Qxd2 {[%emt 0:00:10]} 18. Nxf6+ {[%emt 0:06:00]} Kg7 {[%emt 0:06:25]} 19. Rxd2 {[%emt 0:01:56]} Kxf6 {[%emt 0:00:05]} 20. Rc1 {[%emt 0:06:37]} Be6 {[%emt 0:05:40]} 21. Rdc2 {[%emt 0:00:51]} b4 {[%emt 0:01:51]} 22. c5 {[%emt 0:07:28]} Bxa2 {[%emt 0:01:31]} 23. cxd6 {[%emt 0:00:22]} Rxc2 {[%emt 0:00:19]} 24. Rxc2 {[%emt 0:00:04]} exd6 {[%emt 0:00:09]} 25. Rc6 {[%emt 0:03:29]} a5 {[%emt 0:00:44]} 26. Rxd6+ {[%emt 0:05:02]} Ke5 {[%emt 0:00:06]} 27. Rc6 {[%emt 0:02:25]} Kd4 {[%emt 0:01:51]} 28. Kf2 {[%emt 0:01:01]} Be6 {[%emt 0:06:00]} 29. g4 {[%emt 0:06:04]} Rc8 {[%emt 0:02:49]} 30. Rd6+ {[%emt 0:01:30]} Ke5 {[%emt 0:03:40]} 31. Ra6 {[%emt 0:00:17]} Kf4 {[%emt 0:00:42]} 32. Bd3 {[%emt 0:02:46]} Rc5 {[%emt 0:05:57]} 33. Rb6 {[%emt 0:00:29]} h5 {[%emt 0:03:07]} 34. h3 {[%emt 0:00:47]} h4 {[%emt 0:00:22]} 35. Ra6 {[%emt 0:00:46]} Rc1 {[%emt 0:12:40]} 36. Rxa5 {[%emt 0:00:17]} Rd1 {[%emt 0:01:00]} 37. Be2 {[%emt 0:00:50]} Rd2 {[%emt 0:00:21]} 38. Ke1 {[%emt 0:00:20]} Rxb2 {[%emt 0:00:10]} 39. Ra7 {[%emt 0:00:40]} Ke3 {[%emt 0:00:33]} 40. Bd1 {[%emt 0:00:26]} Rh2 {[%emt 0:00:16]} 0-1

[Event "Israeli Open Championship 2019"]
[Site "Jerusalem"]
[Date "2019.12.22"]
[Round "9.12"]
[White "Sobel, Ido"]
[Black "Zalkind, Konstantin"]
[Result "0-1"]
[WhiteElo "1711"]
[BlackElo "2162"]
[Annotator "NA"]
[PlyCount "60"]
[EventDate "2019.12.12"]
[EventType "swiss"]
[EventCountry "ISR"]
[SourceTitle "playchess.com"]
[Source "ChessBase"]
[SourceQuality "1"]
[TimeControl "5400+30"]

1. e4 {[%emt 0:00:00]} d6 {[%emt 0:00:25]} 2. Nc3 {[%emt 0:00:09]} Nf6 {[%emt 0:01:03]} 3. Bc4 {[%emt 0:00:48]} c6 {[%emt 0:01:00]} 4. Bb3 {[%emt 0:01:46]} d5 {[%emt 0:00:52]} 5. e5 {[%emt 0:03:33]} Ng4 {[%emt 0:00:54]} 6. d4 {[%emt 0:01:06]} g6 {[%emt 0:00:48]} 7. Nf3 {[%emt 0:06:23]} Bg7 {[%emt 0:00:18]} 8. Bf4 {[%emt 0:00:42]} f6 {[%emt 0:08:03]} 9. Qe2 {[%emt 0:18:16]} O-O {[%emt 0:02:57]} 10. Bg3 {[%emt 0:03:44]} Na6 {[%emt 0:01:32]} 11. O-O-O {[%emt 0:01:17]} Nc7 {[%emt 0:01:00]} 12. Rhe1 {[%emt 0:12:42]} Ne6 {[%emt 0:03:30]} 13. Nh4 {[%emt 0:07:25]} Nh6 {[%emt 0:10:28]} 14. h3 {[%emt 0:04:28]} Kh8 {[%emt 0:03:12]} 15. Bh2 {[%emt 0:02:07]} Bd7 {[%emt 0:00:59]} 16. g4 {[%emt 0:01:33]} Qb6 {[%emt 0:01:58]} 17. exf6 {[%emt 0:08:40]} Bxf6 {[%emt 0:08:16]} 18. Be5 {[%emt 0:00:06]} Nf7 {[%emt 0:02:22]} 19. Bxf6+ {[%emt 0:03:58]} exf6 {[%emt 0:00:02]} 20. Qd2 {[%emt 0:00:35]} Rae8 {[%emt 0:01:51]} 21. Re3 {[%emt 0:02:17]} Kg7 {[%emt 0:00:27]} 22. Ne2 {[%emt 0:00:31]} Nd6 {[%emt 0:04:09]} 23. Ng3 {[%emt 0:01:29]} Ng5 {[%emt 0:00:27]} 24. Rh1 {[%emt 0:01:59]} Nde4 {[%emt 0:02:32]} 25. Nxe4 {[%emt 0:01:05]} Nxe4 {[%emt 0:00:08]} 26. Qe2 {[%emt 0:01:14]} Qxd4 {[%emt 0:00:38]} 27. c3 {[%emt 0:01:13]} Qc5 {[%emt 0:02:42]} 28. Re1 {[%emt 0:01:27]} Ng5 {[%emt 0:02:28]} 29. Qd3 {[%emt 0:01:23]} Rxe3 {[%emt 0:01:09]} 30. Rxe3 {[%emt 0:00:10]} Re8 {[%emt 0:00:28]} 0-1

[Event "Israeli Open Championship 2019"]
[Site "Jerusalem"]
[Date "2019.12.22"]
[Round "9.13"]
[White "Uritsky, Yonathan"]
[Black "Golberg, Igor"]
[Result "0-1"]
[WhiteElo "1881"]
[BlackElo "2156"]
[Annotator "NA"]
[PlyCount "72"]
[EventDate "2019.12.12"]
[EventType "swiss"]
[EventCountry "ISR"]
[SourceTitle "playchess.com"]
[Source "ChessBase"]
[SourceQuality "1"]
[TimeControl "5400+30"]

1. c4 {[%emt 0:00:00]} e6 {[%emt 0:00:00]} 2. g3 {[%emt 0:00:06]} d5 {[%emt 0:00:00]} 3. Bg2 {[%emt 0:00:18]} c6 {[%emt 0:00:00]} 4. Nf3 {[%emt 0:01:49]} Nd7 {[%emt 0:00:00]} 5. b3 {[%emt 0:01:17]} a5 {[%emt 0:00:46]} 6. Bb2 {[%emt 0:02:28]} a4 {[%emt 0:00:04]} 7. O-O {[%emt 0:05:05]} Ngf6 {[%emt 0:00:30]} 8. d3 {[%emt 0:01:20]} Be7 {[%emt 0:00:21]} 9. Nbd2 {[%emt 0:02:18]} b5 {[%emt 0:00:05]} 10. Rc1 {[%emt 0:06:41]} Bb7 {[%emt 0:01:24]} 11. Qc2 {[%emt 0:01:57]} a3 {[%emt 0:09:37]} 12. Ba1 {[%emt 0:01:07]} Rc8 {[%emt 0:00:03]} 13. Rfd1 {[%emt 0:05:38]} O-O {[%emt 0:01:04]} 14. e3 {[%emt 0:03:28]} Qb6 {[%emt 0:01:18]} 15. Nf1 {[%emt 0:08:16]} Rfd8 {[%emt 0:00:27]} 16. h3 {[%emt 0:06:22]} c5 {[%emt 0:04:46]} 17. Qe2 {[%emt 0:02:18]} Bd6 {[%emt 0:05:13]} 18. N3d2 {[%emt 0:02:06]} Be5 {[%emt 0:04:00]} 19. e4 {[%emt 0:07:16]} Bxa1 {[%emt 0:00:16]} 20. Rxa1 {[%emt 0:00:02]} dxe4 {[%emt 0:02:05]} 21. dxe4 {[%emt 0:02:52]} b4 {[%emt 0:00:08]} 22. f4 {[%emt 0:02:03]} Nb8 {[%emt 0:00:31]} 23. e5 {[%emt 0:00:38]} Ne8 {[%emt 0:00:22]} 24. Ne4 {[%emt 0:10:49]} Nc6 {[%emt 0:00:12]} 25. Qh5 {[%emt 0:00:29]} h6 {[%emt 0:00:49]} 26. g4 {[%emt 0:01:11]} Nd4 {[%emt 0:03:47]} 27. g5 {[%emt 0:00:37]} g6 {[%emt 0:00:21]} 28. Qh4 {[%emt 0:01:36]} h5 {[%emt 0:00:19]} 29. Ne3 {[%emt 0:00:45]} Bxe4 {[%emt 0:03:28]} 30. Bxe4 {[%emt 0:00:24]} Ne2+ {[%emt 0:00:02]} 31. Kf1 {[%emt 0:14:29]} Nc3 {[%emt 0:00:02]} 32. Rxd8 {[%emt 0:01:14]} Qxd8 {[%emt 0:00:01]} 33. Bc2 {[%emt 0:02:30]} Qd2 {[%emt 0:00:20]} 34. Qf2 {[%emt 0:00:37]} Rd8 {[%emt 0:00:05]} 35. Nd1 {[%emt 0:02:06]} Qxf2+ {[%emt 0:00:50]} 36. Nxf2 {[%emt 0:00:07]} Rd2 {[%emt 0:00:06]} 0-1

[Event "Israeli Open Championship 2019"]
[Site "Jerusalem"]
[Date "2019.12.22"]
[Round "9.14"]
[White "Gunders, Elad"]
[Black "Har-Even, Abir"]
[Result "0-1"]
[WhiteElo "1803"]
[BlackElo "2104"]
[Annotator "ChessBase"]
[PlyCount "120"]
[EventDate "2019.12.12"]
[EventType "swiss"]
[EventCountry "ISR"]
[SourceTitle "playchess.com"]
[Source "ChessBase"]
[SourceQuality "1"]
[TimeControl "5400+30"]

1. d4 {[%emt 0:01:40]} d6 {[%emt 0:00:00]} 2. Bf4 {[%emt 0:00:23]} f5 {[%emt 0:00:00]} 3. e3 {[%emt 0:01:09]} Nf6 {[%emt 0:00:12]} 4. Nf3 {[%emt 0:04:02]} g6 {[%emt 0:00:21]} 5. Be2 {[%emt 0:01:11]} Bg7 {[%emt 0:00:16]} 6. Nc3 {[%emt 0:04:41]} O-O {[%emt 0:02:38]} 7. h4 {[%emt 0:03:25]} h6 {[%emt 0:01:06]} 8. Qd2 {[%emt 0:06:12]} c6 {[%emt 0:03:49]} 9. Nh2 {[%emt 0:08:55]} Kh7 {[%emt 0:04:30]} 10. Rg1 {[%emt 0:05:49]} Qa5 {[%emt 0:13:04]} 11. g4 {[%emt 0:09:07]} Ng8 {[%emt 0:22:16]} 12. g5 {[%emt 0:08:47]} e5 {[%emt 0:05:30]} 13. gxh6 {[%emt 0:02:18]} Nxh6 {[%emt 0:00:56]} 14. Bxh6 {[%emt 0:01:58]} Bxh6 {[%emt 0:00:51]} 15. dxe5 {[%emt 0:02:10]} Qxe5 {[%emt 0:02:56]} 16. Nf3 {[%emt 0:01:55]} Qf6 {[%emt 0:00:50]} 17. Ng5+ {[%emt 0:03:43]} Kh8 {[%emt 0:01:49]} 18. O-O-O {[%emt 0:00:54]} d5 {[%emt 0:02:06]} 19. f4 {[%emt 0:02:07]} Rg8 {[%emt 0:05:42]} 20. Nxd5 {[%emt 0:06:45]} cxd5 {[%emt 0:02:28]} 21. Qxd5 {[%emt 0:00:09]} Rf8 {[%emt 0:09:55]} 22. Bc4 {[%emt 0:03:10]} Nc6 {[%emt 0:01:36]} 23. Nf7+ {[%emt 0:01:21]} Kh7 {[%emt 0:03:16]} 24. Nxh6 {[%emt 0:04:44]} Kxh6 {[%emt 0:00:20]} 25. h5 {[%emt 0:00:46]} Rd8 {[%emt 0:05:00]} 26. Qxd8 {[%emt 0:09:09]} Nxd8 {[%emt 0:02:19]} 27. Rxg6+ {[%emt 0:00:57]} Qxg6 {[%emt 0:00:08]} 28. hxg6 {[%emt 0:00:07]} Be6 {[%emt 0:05:19]} 29. Rxd8 {[%emt 0:02:31]} Rxd8 {[%emt 0:00:10]} 30. Bxe6 {[%emt 0:00:02]} Kxg6 {[%emt 0:00:08]} 31. Bc4 {[%emt 0:01:03]} Kh5 {[%emt 0:01:24]} 32. Bd3 {[%emt 0:01:24]} Kg4 {[%emt 0:00:07]} 33. e4 {[%emt 0:00:59]} Kxf4 {[%emt 0:03:59]} 34. exf5 {[%emt 0:00:12]} Ke3 {[%emt 0:00:08]} 35. b3 {[%emt 0:00:32]} Rd6 {[%emt 0:00:25]} 36. Kb2 {[%emt 0:00:12]} Kd4 {[%emt 0:00:32]} 37. Bb5 {[%emt 0:01:04]} a6 {[%emt 0:00:19]} 38. Bf1 {[%emt 0:00:44]} Rf6 {[%emt 0:00:25]} 39. Bd3 {[%emt 0:00:22]} Rh6 {[%emt 0:00:26]} 40. Bc4 {[%emt 0:00:26]} Rd6 {[%emt 0:00:33]} 41. Be6 {[%emt 0:00:55]} b5 {[%emt 0:00:12]} 42. c4 {[%emt 0:01:52]} b4 {[%emt 0:00:58]} 43. Kc2 {[%emt 0:00:56]} Ke3 {[%emt 0:00:16]} 44. Bd5 {[%emt 0:00:32]} Kf4 {[%emt 0:00:21]} 45. Be6 {[%emt 0:00:13]} a5 {[%emt 0:00:12]} 46. Kc1 {[%emt 0:00:36]} Rc6 {[%emt 0:01:08]} 47. Kd2 {[%emt 0:00:20]} Ke5 {[%emt 0:00:43]} 48. Kd3 {[%emt 0:00:37]} Rc7 {[%emt 0:00:11]} 49. Kc2 {[%emt 0:00:43]} Rh7 {[%emt 0:00:10]} 50. Kb2 {[%emt 0:00:37]} Rh2+ {[%emt 0:00:18]} 51. Kb1 {[%emt 0:00:30]} Kd4 {[%emt 0:01:23]} 52. Bd5 {[%emt 0:00:33]} Rf2 {[%emt 0:00:15]} 53. Be6 {[%emt 0:00:25]} Kc3 {[%emt 0:00:37]} 54. a3 {[%emt 0:00:19]} bxa3 {[%emt 0:00:45]} 55. c5 {[%emt 0:00:05]} a2+ {[%emt 0:00:10]} 56. Ka1 {[%emt 0:00:06]} Kb4 {[%emt 0:00:05]} 57. Bc4 {[%emt 0:01:11]} Ka3 {[%emt 0:00:50]} 58. b4 {[%emt 0:00:03]} axb4 {[%emt 0:00:30]} 59. c6 {[%emt 0:00:04]} b3 {[%emt 0:00:15]} 60. c7 {[%emt 0:00:08]} b2# {[%emt 0:00:04]} 0-1

[Event "Israeli Open Championship 2019"]
[Site "Jerusalem"]
[Date "2019.12.22"]
[Round "9.15"]
[White "Leor, Ephraim"]
[Black "Kuritz, Zvi"]
[Result "1-0"]
[WhiteElo "1704"]
[BlackElo "1907"]
[Annotator "NA"]
[PlyCount "38"]
[EventDate "2019.12.12"]
[EventType "swiss"]
[EventCountry "ISR"]
[SourceTitle "playchess.com"]
[Source "ChessBase"]
[SourceQuality "1"]
[TimeControl "5400+30"]

1. Nf3 {[%emt 0:00:00]} d5 {[%emt 0:00:06]} 2. c4 {[%emt 0:00:00]} c6 {[%emt 0:00:40]} 3. d4 {[%emt 0:00:35]} Nf6 {[%emt 0:00:10]} 4. Nc3 {[%emt 0:00:14]} dxc4 {[%emt 0:00:44]} 5. a4 {[%emt 0:01:26]} Nd5 {[%emt 0:08:37]} 6. e4 {[%emt 1:30:45]} Nxc3 {[%emt 0:00:36]} 7. bxc3 {[%emt 0:00:00]} b5 {[%emt 0:00:19]} 8. axb5 {[%emt 0:00:00]} cxb5 {[%emt 0:00:18]} 9. Ne5 {[%emt 0:00:00]} Nd7 {[%emt 0:03:47]} 10. Nxf7 {[%emt 0:00:00]} Kxf7 {[%emt 0:00:23]} 11. Qh5+ {[%emt 0:00:00]} g6 {[%emt 0:00:44]} 12. Qd5+ {[%emt 0:00:00]} e6 {[%emt 0:01:20]} 13. Qxa8 {[%emt 0:00:00]} a6 {[%emt 0:04:55]} 14. Rxa6 {[%emt 0:00:00]} Bg7 {[%emt 0:03:04]} 15. Rc6 {[%emt 0:00:00]} Rf8 {[%emt 0:04:24]} 16. Be2 {[%emt 0:00:00]} Kg8 {[%emt 0:04:29]} 17. Bg4 {[%emt 0:00:00]} Re8 {[%emt 0:07:54]} 18. Bxe6+ {[%emt 0:00:00]} Rxe6 {[%emt 0:00:16]} 19. Rxc8 {[%emt 0:00:00]} Bf8 {[%emt 0:56:44]} 1-0

[Event "Israeli Open Championship 2019"]
[Site "Jerusalem"]
[Date "2019.12.22"]
[Round "9.16"]
[White "Gruzman, Ilya"]
[Black "Freiman, Mark"]
[Result "1-0"]
[WhiteElo "1889"]
[BlackElo "1724"]
[Annotator "NA"]
[PlyCount "93"]
[EventDate "2019.12.12"]
[EventType "swiss"]
[EventCountry "ISR"]
[SourceTitle "playchess.com"]
[Source "ChessBase"]
[SourceQuality "1"]
[TimeControl "5400+30"]

1. d4 {[%emt 0:00:00]} Nf6 {[%emt 0:00:00]} 2. c4 {[%emt 0:00:00]} e6 {[%emt 0:00:00]} 3. g3 {[%emt 0:00:00]} d5 {[%emt 0:00:33]} 4. Nf3 {[%emt 0:00:00]} Be7 {[%emt 0:00:55]} 5. Bg2 {[%emt 0:00:00]} O-O {[%emt 0:00:18]} 6. O-O {[%emt 0:00:00]} dxc4 {[%emt 0:02:32]} 7. Qc2 {[%emt 0:00:00]} Nbd7 {[%emt 0:02:25]} 8. Qxc4 {[%emt 0:00:53]} c6 {[%emt 0:03:07]} 9. Nc3 {[%emt 0:01:07]} Re8 {[%emt 0:01:18]} 10. Rd1 {[%emt 0:01:37]} h6 {[%emt 0:02:51]} 11. a4 {[%emt 0:03:44]} Qa5 {[%emt 0:10:57]} 12. Bd2 {[%emt 0:10:39]} Bb4 {[%emt 0:10:53]} 13. Ne5 {[%emt 0:09:22]} Nxe5 {[%emt 0:12:57]} 14. dxe5 {[%emt 0:00:11]} Nd7 {[%emt 0:00:32]} 15. f4 {[%emt 0:04:53]} Qc5+ {[%emt 0:02:48]} 16. Qxc5 {[%emt 0:00:05]} Bxc5+ {[%emt 0:00:19]} 17. Kf1 {[%emt 0:00:39]} Be7 {[%emt 0:01:25]} 18. Rab1 {[%emt 0:07:16]} f6 {[%emt 0:01:47]} 19. exf6 {[%emt 0:00:39]} Nxf6 {[%emt 0:03:11]} 20. b4 {[%emt 0:07:30]} e5 {[%emt 0:00:27]} 21. b5 {[%emt 0:01:53]} e4 {[%emt 0:14:53]} 22. bxc6 {[%emt 0:01:55]} bxc6 {[%emt 0:00:39]} 23. Nxe4 {[%emt 0:01:32]} Ba6 {[%emt 0:08:56]} 24. Nc3 {[%emt 0:06:45]} Rac8 {[%emt 0:01:56]} 25. Bf3 {[%emt 0:00:53]} Bc5 {[%emt 0:00:41]} 26. Kg2 {[%emt 0:02:11]} Bd4 {[%emt 0:00:56]} 27. Re1 {[%emt 0:02:08]} h5 {[%emt 0:03:16]} 28. Rbc1 {[%emt 0:02:56]} Ng4 {[%emt 0:02:27]} 29. Nd1 {[%emt 0:03:46]} c5 {[%emt 0:03:57]} 30. e3 {[%emt 0:00:41]} Bf6 {[%emt 0:00:10]} 31. h3 {[%emt 0:00:50]} Nh6 {[%emt 0:00:26]} 32. e4 {[%emt 0:02:03]} g6 {[%emt 0:01:29]} 33. e5 {[%emt 0:01:19]} Be7 {[%emt 0:00:26]} 34. Ne3 {[%emt 0:00:40]} Kg7 {[%emt 0:00:35]} 35. Bc3 {[%emt 0:03:02]} Kh7 {[%emt 0:00:29]} 36. Red1 {[%emt 0:00:36]} Rcd8 {[%emt 0:00:47]} 37. Nd5 {[%emt 0:01:39]} Nf5 {[%emt 0:00:33]} 38. Kf2 {[%emt 0:00:28]} Rc8 {[%emt 0:01:44]} 39. g4 {[%emt 0:00:39]} Bh4+ {[%emt 0:01:16]} 40. Kg2 {[%emt 0:01:16]} Nd4 {[%emt 0:01:07]} 41. Bxd4 {[%emt 0:00:06]} cxd4 {[%emt 0:00:03]} 42. Nc7 {[%emt 0:00:48]} d3 {[%emt 0:00:59]} 43. Nxe8 {[%emt 0:02:51]} Rxe8 {[%emt 0:00:39]} 44. Be4 {[%emt 0:01:22]} Rd8 {[%emt 0:00:58]} 45. Rc6 {[%emt 0:00:58]} Bc8 {[%emt 0:01:16]} 46. Rc7+ {[%emt 0:00:21]} Kh8 {[%emt 0:00:23]} 47. Rxd3 {[%emt 0:00:11]} 1-0

[Event "Israeli Open Championship 2019"]
[Site "Jerusalem"]
[Date "2019.12.22"]
[Round "9.17"]
[White "Bulkovstein, David"]
[Black "Kochavi, Dana"]
[Result "1-0"]
[WhiteElo "1889"]
[BlackElo "1445"]
[Annotator "NA"]
[PlyCount "75"]
[EventDate "2019.12.12"]
[EventType "swiss"]
[EventCountry "ISR"]
[SourceTitle "playchess.com"]
[Source "ChessBase"]
[SourceQuality "1"]
[TimeControl "5400+30"]

1. e4 {[%emt 0:00:00]} c6 {[%emt 0:00:00]} 2. d4 {[%emt 0:00:00]} d5 {[%emt 0:00:00]} 3. e5 {[%emt 0:00:00]} Bf5 {[%emt 0:00:00]} 4. Be3 {[%emt 0:00:00]} e6 {[%emt 0:03:06]} 5. Nf3 {[%emt 0:00:26]} Qb6 {[%emt 0:12:42]} 6. Qc1 {[%emt 0:04:53]} c5 {[%emt 0:01:45]} 7. Be2 {[%emt 0:07:08]} Nc6 {[%emt 0:01:07]} 8. c3 {[%emt 0:00:28]} Nh6 {[%emt 0:03:29]} 9. Nbd2 {[%emt 0:06:16]} Ng4 {[%emt 0:02:21]} 10. O-O {[%emt 0:04:39]} Nxe3 {[%emt 0:01:10]} 11. fxe3 {[%emt 0:00:15]} Be7 {[%emt 0:00:20]} 12. a3 {[%emt 0:10:50]} c4 {[%emt 0:03:37]} 13. Re1 {[%emt 0:02:52]} h5 {[%emt 0:09:35]} 14. Bd1 {[%emt 0:04:34]} O-O-O {[%emt 0:11:49]} 15. e4 {[%emt 0:08:30]} Bh7 {[%emt 0:00:02]} 16. exd5 {[%emt 0:11:33]} exd5 {[%emt 0:00:03]} 17. Bc2 {[%emt 0:00:36]} Bxc2 {[%emt 0:00:18]} 18. Qxc2 {[%emt 0:00:01]} Kb8 {[%emt 0:00:31]} 19. b3 {[%emt 0:08:46]} cxb3 {[%emt 0:04:29]} 20. Nxb3 {[%emt 0:01:02]} g5 {[%emt 0:00:24]} 21. a4 {[%emt 0:03:44]} g4 {[%emt 0:00:47]} 22. Nfd2 {[%emt 0:00:33]} Na5 {[%emt 0:15:19]} 23. Rab1 {[%emt 0:02:35]} Rc8 {[%emt 0:01:09]} 24. Nc5 {[%emt 0:05:21]} Qd8 {[%emt 0:00:22]} 25. Ndb3 {[%emt 0:02:17]} Bxc5 {[%emt 0:00:10]} 26. Nxc5 {[%emt 0:00:19]} Ka8 {[%emt 0:00:40]} 27. Qf5 {[%emt 0:05:27]} b6 {[%emt 0:00:53]} 28. Nb3 {[%emt 0:01:50]} Nxb3 {[%emt 0:01:33]} 29. Rxb3 {[%emt 0:00:01]} Qe7 {[%emt 0:01:38]} 30. Rf1 {[%emt 0:01:14]} Rce8 {[%emt 0:00:54]} 31. Qxf7 {[%emt 0:00:49]} Qxf7 {[%emt 0:00:00]} 32. Rxf7 {[%emt 0:00:00]} Rhf8 {[%emt 0:00:10]} 33. Rxf8 {[%emt 0:00:34]} Rxf8 {[%emt 0:00:06]} 34. Rb5 {[%emt 0:03:14]} Rd8 {[%emt 0:00:14]} 35. Kf2 {[%emt 0:01:08]} Kb7 {[%emt 0:00:08]} 36. Kg3 {[%emt 0:01:25]} Kc6 {[%emt 0:00:13]} 37. Rb2 {[%emt 0:00:55]} Rh8 {[%emt 0:00:22]} 38. Rf2 {[%emt 0:04:45]} 1-0